书目信息 |
| 题名: |
阅读学基础
|
|
| 作者: | 黄葵 编 | |
| 分册: | ||
| 出版信息: | 武汉 武汉大学出版社 |
|
| 页数: | 342页 | |
| 开本: | 32开 | |
| 丛书名: | ||
| 单 册: | ||
| 中图分类: | G79 | |
| 科图分类: | ||
| 主题词: | 教育--类型 | |
| 电子资源: | ||
| ISBN: | 7-307-02180-3 | |
| 000 | 00512nam0 2200193 45 | |
| 001 | 0006201611 | |
| 005 | 20000620165405.0 | |
| 010 | @a7-307-02180-3@d11.30元 | |
| 100 | @a20000620d km y0chiy0120 ea | |
| 101 | 0 | @achi |
| 105 | @a z 000yy | |
| 200 | 1 | @a阅读学基础@AYue Du Xue Ji Chu@f黄葵等编@FHuang Kui Deng Bian |
| 210 | @a武汉@c武汉大学出版社 | |
| 215 | @a342页@d32开 | |
| 606 | 0 | @a教育@x类型 |
| 690 | @aG79@v3 | |
| 701 | 0 | @a黄葵@4编 |
| 801 | @aCN@bPftUser@c20000620 | |
| 905 | @b209554@dG79@eH686@f1 | |
| 阅读学基础/黄葵等编.-武汉:武汉大学出版社 |
| 342页;32开 |
| ISBN 7-307-02180-3:11.30元 |
| ● |
| 相关链接 |
|
|
|
正题名:阅读学基础
索取号:G79/H686
 
预约/预借
| 序号 | 登录号 | 条形码 | 馆藏地/架位号 | 状态 | 备注 |
| 1 | 209554 | 202095543 | 社科库409/409社科库 18排2列5层/ [索取号:G79/H686] | 在馆 |